Equity & trusts law: directions. / (Record no. 5506)
[ view plain ]
| 000 -LEADER | |
|---|---|
| fixed length control field | 01640cam a22003014a 4500 |
| 001 - CONTROL NUMBER | |
| control field | 15120556 |
| 005 - DATE AND TIME OF LATEST TRANSACTION | |
| control field | 20210414114446.0 |
| 008 - FIXED-LENGTH DATA ELEMENTS--GENERAL INFORMATION | |
| fixed length control field | 071221s2008 enka 001 0 eng |
| 010 ## - LIBRARY OF CONGRESS CONTROL NUMBER | |
| LC control number | 2007052435 |
| 020 ## - INTERNATIONAL STANDARD BOOK NUMBER | |
| International Standard Book Number | 9780199227372 |
| 040 ## - CATALOGING SOURCE | |
| Original cataloging agency | DLC |
| Transcribing agency | DLC |
| Modifying agency | DLC |
| 043 ## - GEOGRAPHIC AREA CODE | |
| Geographic area code | e-uk-en |
| 050 00 - LIBRARY OF CONGRESS CALL NUMBER | |
| Classification number | KD1480.W376 |
| 082 00 - DEWEY DECIMAL CLASSIFICATION NUMBER | |
| Classification number | 346.42/004 |
| Edition number | 22 |
| 100 1# - MAIN ENTRY--PERSONAL NAME | |
| Personal name | Watt, Gary. |
| 245 10 - TITLE STATEMENT | |
| Title | Equity & trusts law: directions. / |
| Statement of responsibility, etc. | Gary Watt. |
| 260 ## - PUBLICATION, DISTRIBUTION, ETC. | |
| Place of publication, distribution, etc. | Oxford ; |
| -- | New York : |
| Name of publisher, distributor, etc. | Oxford University Press, |
| Date of publication, distribution, etc. | 2008. |
| 300 ## - PHYSICAL DESCRIPTION | |
| Dimensions | 27cm. |
| Extent | xli, 491p. |
| Other physical details | ill, |
| 490 0# - SERIES STATEMENT | |
| Series statement | Directions |
| 500 ## - GENERAL NOTE | |
| General note | Includes index. |
| 505 ## - FORMATTED CONTENTS NOTE | |
| Formatted contents note | Contents: Introduction to equity and trusts -- Understanding trusts -- Capacity and formality requirements -- Certainty requirements -- The Constitution of trusts -- Public policy limitations on the formation of trusts -- Purpose trusts -- Charitable trusts -- Variation of trusts -- Trustee appointments -- the nature of trusteeship -- Trustees' duties -- Maintenance and advancement -- Investment -- Breach of trust: Defences and relief -- Resulting and constructive trusts -- Informal trusts of land -- Tracing -- The Equitable liability of stangers to the trust -- Equity: Doctrines and remedies. |
| 650 #0 - SUBJECT ADDED ENTRY--TOPICAL TERM | |
| Topical term or geographic name entry element | Trusts and trustees |
| Geographic subdivision | England. |
| 650 #0 - SUBJECT ADDED ENTRY--TOPICAL TERM | |
| Topical term or geographic name entry element | Equity |
| Geographic subdivision | England. |
| 856 41 - ELECTRONIC LOCATION AND ACCESS | |
| Materials specified | Table of contents only |
| Uniform Resource Identifier | <a href="http://www.loc.gov/catdir/toc/ecip087/2007052435.html">http://www.loc.gov/catdir/toc/ecip087/2007052435.html</a> |
| 906 ## - LOCAL DATA ELEMENT F, LDF (RLIN) | |
| a | 7 |
| b | cbc |
| c | orignew |
| d | 1 |
| e | ecip |
| f | 20 |
| g | y-gencatlg |
| 942 ## - ADDED ENTRY ELEMENTS (KOHA) | |
| Source of classification or shelving scheme | Library of Congress Classification |
| Koha item type | Books |
| Withdrawn status | Lost status | Source of classification or shelving scheme | Damaged status | Not for loan | Home library | Current library | Shelving location | Date acquired | Total Checkouts | Full call number | Barcode | Date last seen | Price effective from | Koha item type |
|---|---|---|---|---|---|---|---|---|---|---|---|---|---|---|
| Library of Congress Classification | WISCONSIN INTERNATIONAL UNIVERSITY COLLEGE, GHANA - MAIN LIBRARY | WISCONSIN INTERNATIONAL UNIVERSITY COLLEGE, GHANA - MAIN LIBRARY | Law Library | 15/05/2015 | KD1480.W376 | 146/15 | 15/05/2015 | 15/05/2015 | Books |
